| 000 | 01019cam a22003015a 4500 | ||
|---|---|---|---|
| 001 | 016014798 | ||
| 003 | OSt | ||
| 005 | 20201128024113.0 | ||
| 008 | 120117t2013 enka frb 001 0 eng d | ||
| 020 | _a9780273769248 | ||
| 020 | _a0273769243 | ||
| 040 |
_aStDuBDS _beng _cStDuBDS _dUk _dEG-ScBUE |
||
| 082 | 0 | 4 |
_222 _a001.642 _bTAN |
| 100 | 1 |
_aTanenbaum, Andrew S., _d1944- _936862 |
|
| 245 | 1 | 0 |
_aStructured computer organization / _cAndrew S. Tanenbaum, Todd Austin. |
| 250 | _a6th ed., International ed. | ||
| 260 |
_aHarlow : _bPearson Education Limited, _cc.2013. |
||
| 300 |
_axxii, 775 p. : _bill. ; _c24 cm. |
||
| 500 | _aPrevious ed.: Upper Saddle River, N.J.: Pearson/Prentice Hall, 2006. | ||
| 504 | _aIncludes bibliographical references and index. | ||
| 650 | 7 |
_aComputer organization. _2BUEsh _9959 |
|
| 650 | 7 |
_a Computer architecture. _2BUEsh _92654 |
|
| 650 | 7 |
_aComputer programming. _2BUEsh _93821 |
|
| 651 | _2BUEsh | ||
| 653 |
_bCOMSCI _cJanuary2017 |
||
| 700 | 1 | _aAustin, Todd. | |
| 942 | _2ddc | ||
| 999 |
_c23828 _d23800 |
||